LEADER 05005nam 22008175 450 001 9910366580903321 005 20200706174931.0 010 $a3-030-25478-X 024 7 $a10.1007/978-3-030-25478-0 035 $a(CKB)4100000009522946 035 $a(DE-He213)978-3-030-25478-0 035 $a(MiAaPQ)EBC5941824 035 $a(EXLCZ)994100000009522946 100 $a20191012d2020 u| 0 101 0 $aeng 135 $aurnn|008mamaa 181 $ctxt$2rdacontent 182 $cc$2rdamedia 183 $acr$2rdacarrier 200 10$aMining Machines and Earth-Moving Equipment $eProblems of Design, Research and Maintenance /$fedited by Marek Sokolski 205 $a1st ed. 2020. 210 1$aCham :$cSpringer International Publishing :$cImprint: Springer,$d2020. 215 $a1 online resource (XII, 226 p.) 311 $a3-030-25477-1 320 $aIncludes bibliographical references. 327 $aResilience Engineering: Agents of Open Pit Mining Machine Disasters in Poland -- Overview of Materials Testing of Brown-Coal Mining Machines -- Modelling, Computing and Analyzing Large-Size Rotary Joints -- Problems of Noise Hazards in Long-Operated Large-Size Mining Machines for Open Pits -- Problems of Research and Operational Assessment of Earth-Moving Machines -- Dynamical Loadings of Booms in Front-End Wheel Loaders -- Modern Design of the Transport Vehicles Drive Structures -- Problems of Heat Transfer Modelling in Cooling Systems of Earth-Moving Machinery -- Development Trends and Research Problems of Hydraulic Hammers for Mining and Civil Engineering -- Development and Parameters Justification of Vibroscreen Feed Elements. 330 $aThis book presents central problems in the design, research and maintenance of large-size mining machines for open pits, mobile earth-moving machinery, hydraulic hammers for mining and civil engineering, and screening processes for bulk materials. It brings together the insights of numerous respected academics to offer a thorough and multifaceted overview of the topic. The first few chapters of the book deal with specific problems that frequently occur in machinery for open-pit mining. They focus on the resilience of large-size mining machines, degradation of steels used for supporting structures, and modelling of large-size rotary joints, as well as the noise hazards in connection with degradation processes. The book then moves on to discuss problems arising in earth-moving machinery, such as new approaches to the assessment of operation and maintenance, dynamic loads in front-end loader booms, and synchronic transfer of power from the engine to the driven wheels. The book concludes by discussing hydraulic hammers for mining and civil engineering, and screening processes for bulk materials that combine a vibroscreen with additional feed elements. The book is primarily intended for undergraduate and graduate mechanical engineering courses, but will also be of interest to researchers and mechanical engineers. 606 $aMachinery 606 $aEngineering geology 606 $aEngineering?Geology 606 $aFoundations 606 $aHydraulics 606 $aVibration 606 $aDynamics 606 $aDynamics 606 $aQuality control 606 $aReliability 606 $aIndustrial safety 606 $aMaterials science 606 $aMachinery and Machine Elements$3https://scigraph.springernature.com/ontologies/product-market-codes/T17039 606 $aGeoengineering, Foundations, Hydraulics$3https://scigraph.springernature.com/ontologies/product-market-codes/T23020 606 $aVibration, Dynamical Systems, Control$3https://scigraph.springernature.com/ontologies/product-market-codes/T15036 606 $aQuality Control, Reliability, Safety and Risk$3https://scigraph.springernature.com/ontologies/product-market-codes/T22032 606 $aCharacterization and Evaluation of Materials$3https://scigraph.springernature.com/ontologies/product-market-codes/Z17000 615 0$aMachinery. 615 0$aEngineering geology. 615 0$aEngineering?Geology. 615 0$aFoundations. 615 0$aHydraulics. 615 0$aVibration. 615 0$aDynamics. 615 0$aDynamics. 615 0$aQuality control. 615 0$aReliability. 615 0$aIndustrial safety. 615 0$aMaterials science. 615 14$aMachinery and Machine Elements. 615 24$aGeoengineering, Foundations, Hydraulics. 615 24$aVibration, Dynamical Systems, Control. 615 24$aQuality Control, Reliability, Safety and Risk. 615 24$aCharacterization and Evaluation of Materials. 676 $a621.8 676 $a681.76 702 $aSokolski$b Marek$4edt$4http://id.loc.gov/vocabulary/relators/edt 801 0$bMiAaPQ 801 1$bMiAaPQ 801 2$bMiAaPQ 906 $aBOOK 912 $a9910366580903321 996 $aMining Machines and Earth-Moving Equipment$92007113 997 $aUNINA